[Event "BLR-ch U18 Girls"]
[Site "Minsk"]
[Date "2020.02.11"]
[Round "5"]
[White "Norman, Kseniya"]
[Black "Stsepkina, Yauheniya"]
[Result "1/2-1/2"]
[WhiteElo "1834"]
[BlackElo "1671"]
[PlyCount "131"]
[EventDate "2020.02.07"]
[EventType "swiss"]
[EventRounds "9"]
[EventCountry "BLR"]
[SourceTitle "CBM 195 Extra"]
[Source "ChessBase"]
[SourceDate "2020.05.31"]
[SourceVersion "1"]
[SourceVersionDate "2020.05.31"]
[SourceQuality "1"]

1. e4 c5 2. Nc3 Nc6 3. f4 g6 4. Nf3 d6 5. Bc4 Bg7 6. d3 e6 7. 0-0 Nge7 8. Qe1 0-0 9. Qh4 d5 10. Bb3 Nd4 11. f5 gxf5 12. Bh6 Ng6 13. Qh5 Nxf3+ 14. Rxf3 Qh4 15. Qxh4 Nxh4 16. Rg3 Ng6 17. Bxg7 Kxg7 18. exf5 exf5 19. Nxd5 Bd7 20. Re1 Rae8 21. Rxe8 Rxe8 22. Nf4 Be6 23. Nh5+ Kf8 24. Nf6 Re7 25. Kf2 Kg7 26. Nh5+ Kf8 27. Re3 h6 28. Re1 b6 29. Ng3 Nf4 30. Ne2 Nd5 31. Bxd5 Bxd5 32. Nf4 Be6 33. b3 Kg7 34. c3 Kf6 35. d4 cxd4 36. cxd4 Rd7 37. Ke3 Rd8 38. Rc1 Rd7 39. Rc6 Ke7 40. g3 Rd6 41. Rc7+ Rd7 42. Rxd7+ Bxd7 43. Nd3 f6 44. d5 Kd6 45. Kd4 Be8 46. Nb2 b5 47. a4 a6 48. axb5 axb5 49. Nd1 h5 50. Ne3 Bg6 51. Ng2 Be8 52. b4 Bd7 53. Nf4 Be8 54. Ne6 Bg6 55. h3 Bh7 56. h4 Bg6 57. Ng7 f4 58. gxf4 f5 59. Ne6 Bf7 60. Nc5 Bxd5 61. Nd3 Bc4 62. Nf2 Bd5 63. Nd1 Bf3 64. Ne3 Be4 65. Nf1 Bf3 66. Ne3 1/2-1/2

[Event "Minsk Kupreichik Memorial rapid"]
[Site "Minsk"]
[Date "2019.08.17"]
[Round "9"]
[White "Kiryliuk, Ilya"]
[Black "Stsepkina, Yauheniya"]
[Result "1-0"]
[WhiteElo "1948"]
[BlackElo "1537"]
[PlyCount "49"]
[EventDate "2019.08.15"]
[EventType "swiss (rapid)"]
[EventRounds "10"]
[EventCountry "BLR"]
[SourceTitle "CBM 191 Extra"]
[Source "ChessBase"]
[SourceDate "2019.09.30"]
[SourceVersion "1"]
[SourceVersionDate "2019.09.30"]
[SourceQuality "1"]

1. e4 c5 2. d4 cxd4 3. c3 dxc3 4. Nxc3 Nc6 5. Nf3 d6 6. Bc4 e6 7. 0-0 Nf6 8. Qe2 e5 9. Ng5 Be6 10. Bxe6 fxe6 11. Nxe6 Qe7 12. Nd5 Nxd5 13. exd5 Nd4 14. Nxd4 exd4 15. Qd1 Qf6 16. Re1+ Be7 17. Re6 Qf7 18. Qa4+ Kd8 19. Qxd4 Re8 20. Bf4 Kd7 21. Qa4+ Kd8 22. Rae1 Rc8 23. Bxd6 Bxd6 24. Rxe8+ Kc7 25. Rc1+ 1-0

[Event "Minsk Kupreichik Memorial rapid"]
[Site "Minsk"]
[Date "2019.08.16"]
[Round "7"]
[White "Pogorelov, Aleksey"]
[Black "Stsepkina, Yauheniya"]
[Result "0-1"]
[WhiteElo "1548"]
[BlackElo "1537"]
[PlyCount "140"]
[EventDate "2019.08.15"]
[EventType "swiss (rapid)"]
[EventRounds "10"]
[EventCountry "BLR"]
[SourceTitle "CBM 191 Extra"]
[Source "ChessBase"]
[SourceDate "2019.09.30"]
[SourceVersion "1"]
[SourceVersionDate "2019.09.30"]
[SourceQuality "1"]

1. d4 Nf6 2. Nf3 g6 3. Bf4 Bg7 4. c3 0-0 5. e3 d6 6. Bd3 Nbd7 7. Nbd2 Re8 8. Bc2 b6 9. 0-0 Bb7 10. h3 c5 11. Re1 d5 12. Rc1 h6 13. Ne5 Nxe5 14. Bxe5 Nd7 15. Bxg7 Kxg7 16. Nf3 e5 17. e4 exd4 18. exd5 Rxe1+ 19. Nxe1 Bxd5 20. cxd4 Qg5 21. g3 Rd8 22. dxc5 Nxc5 23. Qd4+ Kg8 24. Rd1 Ne6 25. Qa4 Qh5 26. Kh2 Kg7 27. Ng2 Ng5 28. Nf4 Nf3+ 29. Kg2 Ne5+ 30. Rxd5 Qf3+ 31. Kg1 Rxd5 32. Nxd5 Qxd5 33. Qe4 Nf3+ 34. Kg2 Qxe4 35. Bxe4 Nd4 36. b3 Kf6 37. f4 Ne2 38. a4 Nd4 39. Bd5 Ke7 40. Kf2 f6 41. Ke3 Nf5+ 42. Kf3 Nd4+ 43. Ke3 Nf5+ 44. Kf3 Nd6 45. Ke3 Nf5+ 46. Kf3 Nd6 47. Ke3 Nf5+ 48. Kf3 Nd4+ 49. Ke3 Nf5+ 50. Kf3 Nd6 51. Ke3 Nf5+ 52. Kf3 Kd6 53. Bc4 Kc5 54. g4 Nd6 55. Bg8 Kd4 56. h4 g5 57. hxg5 hxg5 58. fxg5 fxg5 59. Be6 Nb7 60. b4 Kc3 61. a5 bxa5 62. bxa5 Nxa5 63. Ke4 Nc6 64. Bg8 Nd4 65. Ke5 a5 66. Kf6 a4 67. Kxg5 a3 68. Kf4 Nb3 69. g5 a2 70. Bxb3 Kxb3 0-1

[Event "Minsk Kupreichik Memorial rapid"]
[Site "Minsk"]
[Date "2019.08.16"]
[Round "6"]
[White "Sadovnikov, Konstantin"]
[Black "Stsepkina, Yauheniya"]
[Result "1-0"]
[WhiteElo "1798"]
[BlackElo "1537"]
[PlyCount "71"]
[EventDate "2019.08.15"]
[EventType "swiss (rapid)"]
[EventRounds "10"]
[EventCountry "BLR"]
[SourceTitle "CBM 191 Extra"]
[Source "ChessBase"]
[SourceDate "2019.09.30"]
[SourceVersion "1"]
[SourceVersionDate "2019.09.30"]
[SourceQuality "1"]

1. e4 c5 2. Nc3 Nc6 3. f4 g6 4. Nf3 Bg7 5. d3 d6 6. g3 e6 7. Bg2 Nge7 8. 0-0 0-0 9. Be3 Nd4 10. Qd2 d5 11. Nd1 b6 12. e5 Nxf3+ 13. Bxf3 Bb7 14. c3 Qd7 15. Bf2 Nc6 16. Ne3 Rfd8 17. Ng4 Qe7 18. h3 Rab8 19. Rac1 h5 20. Nh2 Bh6 21. Qe2 Rbc8 22. Rfd1 Qc7 23. Be3 d4 24. Bf2 Ba8 25. Be4 Qd7 26. Qf3 Ne7 27. c4 Bxe4 28. dxe4 Nc6 29. g4 hxg4 30. Nxg4 Bg7 31. Bh4 Re8 32. Qg3 Ne7 33. Nf6+ Bxf6 34. Bxf6 Nf5 35. exf5 exf5 36. Qh4 1-0

[Event "Minsk Kupreichik Memorial op"]
[Site "Minsk"]
[Date "2018.06.23"]
[Round "11"]
[White "Stotskaja, Elena"]
[Black "Stsepkina, Yauheniya"]
[Result "0-1"]
[WhiteElo "2027"]
[BlackElo "1603"]
[PlyCount "96"]
[EventDate "2018.06.21"]
[EventType "swiss (rapid)"]
[EventRounds "11"]
[EventCountry "BLR"]
[SourceTitle "CBM 185 Extra"]
[Source "ChessBase"]
[SourceDate "2018.07.29"]
[SourceVersion "1"]
[SourceVersionDate "2018.07.29"]
[SourceQuality "1"]

1. Nf3 Nf6 2. g3 g6 3. Bg2 Bg7 4. 0-0 0-0 5. d3 d5 6. Nbd2 c5 7. e4 Nc6 8. Re1 e6 9. Qe2 Qc7 10. Nf1 b6 11. e5 Nd7 12. Bf4 h6 13. h4 Bb7 14. Ne3 Ncxe5 15. Nxe5 Nxe5 16. Nxd5 exd5 17. Bxe5 Qd7 18. Bxg7 Kxg7 19. Qe7 Rad8 20. Qe5+ f6 21. Qe7+ Rf7 22. Qxd7 Rdxd7 23. Re6 Rfe7 24. Rae1 Rxe6 25. Rxe6 Kf7 26. Re2 Re7 27. Kf1 Rxe2 28. Kxe2 Ke6 29. c3 g5 30. Ke3 d4+ 31. cxd4 Bxg2 32. dxc5 bxc5 33. d4 gxh4 34. gxh4 cxd4+ 35. Kxd4 Kf5 36. Ke3 Kg4 37. b4 Kxh4 38. Kf4 Bc6 39. Kf5 h5 40. Kxf6 Kg4 41. Ke5 Kf3 42. Kf5 h4 43. Ke6 h3 44. Kd6 Bb5 45. Kc5 a6 46. Kb6 h2 47. a4 Bxa4 48. Kxa6 h1Q 0-1

[Event "Minsk Kupreichik Memorial op"]
[Site "Minsk"]
[Date "2018.06.23"]
[Round "10"]
[White "Stsepkina, Yauheniya"]
[Black "Rybakova, Polina"]
[Result "1/2-1/2"]
[WhiteElo "1603"]
[BlackElo "1847"]
[PlyCount "87"]
[EventDate "2018.06.21"]
[EventType "swiss (rapid)"]
[EventRounds "11"]
[EventCountry "BLR"]
[SourceTitle "CBM 185 Extra"]
[Source "ChessBase"]
[SourceDate "2018.07.29"]
[SourceVersion "1"]
[SourceVersionDate "2018.07.29"]
[SourceQuality "1"]

1. d4 Nf6 2. c4 g6 3. Nc3 Bg7 4. e4 d6 5. f3 c6 6. Be3 a6 7. Qd2 b5 8. Bd3 Nbd7 9. Nge2 Nb6 10. cxb5 cxb5 11. b3 Bd7 12. 0-0 0-0 13. Rac1 b4 14. Nd1 a5 15. Nb2 d5 16. e5 Ne8 17. Ng3 Nc7 18. f4 e6 19. Rc2 Nb5 20. Rfc1 Rc8 21. Rxc8 Nxc8 22. Na4 Nca7 23. Nc5 Nc3 24. a3 Bb5 25. axb4 axb4 26. Ra1 Bxd3 27. Rxa7 Bb5 28. Rb7 Qa5 29. f5 gxf5 30. Nxe6 fxe6 31. Rxg7+ Kxg7 32. Bh6+ Kf7 33. Bxf8 Kxf8 34. Qh6+ Ke7 35. Qxh7+ Kd8 36. Qg8+ Be8 37. Qxe6 Qa1+ 38. Nf1 Ne2+ 39. Kf2 Qxd4+ 40. Kxe2 Bb5+ 41. Ke1 Qc3+ 42. Kf2 Qd4+ 43. Ke1 Qc3+ 44. Kf2 1/2-1/2

[Event "Minsk Kupreichik Memorial op"]
[Site "Minsk"]
[Date "2018.06.22"]
[Round "7"]
[White "Artsiomau, Stanislau"]
[Black "Stsepkina, Yauheniya"]
[Result "1-0"]
[WhiteElo "1886"]
[BlackElo "1603"]
[PlyCount "65"]
[EventDate "2018.06.21"]
[EventType "swiss (rapid)"]
[EventRounds "11"]
[EventCountry "BLR"]
[SourceTitle "CBM 185 Extra"]
[Source "ChessBase"]
[SourceDate "2018.07.29"]
[SourceVersion "1"]
[SourceVersionDate "2018.07.29"]
[SourceQuality "1"]

1. e4 c5 2. Nf3 Nc6 3. g3 g6 4. Bg2 Bg7 5. 0-0 e6 6. Re1 Nge7 7. d3 0-0 8. c3 d5 9. e5 d4 10. c4 Qc7 11. Qe2 h6 12. h4 a6 13. Bf4 b5 14. b3 b4 15. Nh2 Bb7 16. Ng4 Kh7 17. Nf6+ Kh8 18. Nd2 Ng8 19. Nf3 Qe7 20. Ne4 Nd8 21. Nh2 Bc6 22. Ng4 Nb7 23. Ngf6 Bxe4 24. Bxe4 Nxf6 25. exf6 Bxf6 26. Bxh6 Bg7 27. Bg5 f6 28. Bxg6 fxg5 29. Qh5+ Bh6 30. Qxh6+ Kg8 31. Rxe6 Qg7 32. Qxg5 Rae8 33. Rxe8 1-0

[Event "Minsk Kupreichik Memorial op"]
[Site "Minsk"]
[Date "2018.06.22"]
[Round "5"]
[White "Laptii, Nazar"]
[Black "Stsepkina, Yauheniya"]
[Result "1-0"]
[WhiteElo "1925"]
[BlackElo "1603"]
[PlyCount "71"]
[EventDate "2018.06.21"]
[EventType "swiss (rapid)"]
[EventRounds "11"]
[EventCountry "BLR"]
[SourceTitle "CBM 185 Extra"]
[Source "ChessBase"]
[SourceDate "2018.07.29"]
[SourceVersion "1"]
[SourceVersionDate "2018.07.29"]
[SourceQuality "1"]

1. Nf3 Nf6 2. g3 g6 3. Bg2 Bg7 4. 0-0 0-0 5. d3 d5 6. Nbd2 c5 7. e4 b6 8. Re1 Nc6 9. c3 Bb7 10. h3 e6 11. e5 Nd7 12. d4 cxd4 13. cxd4 Rc8 14. a3 Re8 15. Nf1 f6 16. exf6 Bxf6 17. Ne3 b5 18. h4 Qb6 19. Nc2 Na5 20. Bg5 Nb3 21. Rb1 Bg7 22. Re3 Na5 23. Bh3 Nc4 24. Re2 Rc6 25. Nb4 Rcc8 26. Qe1 Nf8 27. Rd1 a5 28. Nd3 h6 29. Bf4 Kh7 30. Nc5 Bxd4 31. Nxb7 Bxf2+ 32. Qxf2 Qxb7 33. Ne5 Nxe5 34. Bxe5 Re7 35. Qf6 Qa7+ 36. Bd4 1-0

[Event "BLR-ch U20 Girls"]
[Site "Rogachev"]
[Date "2018.05.01"]
[Round "8"]
[White "Malatsilava, Volha"]
[Black "Stsepkina, Yauheniya"]
[Result "1-0"]
[WhiteElo "2026"]
[BlackElo "1612"]
[PlyCount "88"]
[EventDate "2018.04.24"]
[EventType "tourn"]
[EventRounds "9"]
[EventCountry "BLR"]
[SourceTitle "CBM 184 Extra"]
[Source "ChessBase"]
[SourceDate "2018.06.28"]
[SourceVersion "1"]
[SourceVersionDate "2018.06.28"]
[SourceQuality "1"]

1. e4 c5 2. Nf3 Nc6 3. d4 cxd4 4. Nxd4 g6 5. Nc3 Bg7 6. Be3 Nf6 7. Bc4 0-0 8. Bb3 e6 9. Nxc6 bxc6 10. Bc5 d5 11. Bxf8 Qxf8 12. 0-0 Qb4 13. a3 Qb6 14. Re1 Bb7 15. Qd2 Nd7 16. exd5 cxd5 17. Nxd5 exd5 18. Bxd5 Nc5 19. Bxb7 Qxb7 20. Qa5 Rc8 21. Qb4 Qc7 22. Rab1 Ne6 23. c3 Rb8 24. Qa4 Qb7 25. h3 a6 26. c4 Nf4 27. f3 Qb6+ 28. c5 Qxc5+ 29. Kh1 Nd3 30. Re2 Bxb2 31. f4 Qf5 32. Rf1 Be5 33. g4 Qf6 34. Qe4 Rd8 35. Rf3 Nxf4 36. Qxe5 Qxe5 37. Rxe5 Ne6 38. Rc3 Rd6 39. g5 Kg7 40. Rf3 Nd4 41. Rd3 Re6 42. Rxe6 Nxe6 43. h4 h6 44. Rd5 hxg5 1-0

[Event "BLR-ch U20 Girls"]
[Site "Rogachev"]
[Date "2018.04.29"]
[Round "6"]
[White "Stsepkina, Yauheniya"]
[Black "Zeliantsova, Kseniya"]
[Result "0-1"]
[WhiteElo "1612"]
[BlackElo "1820"]
[PlyCount "64"]
[EventDate "2018.04.24"]
[EventType "tourn"]
[EventRounds "9"]
[EventCountry "BLR"]
[SourceTitle "CBM 184 Extra"]
[Source "ChessBase"]
[SourceDate "2018.06.28"]
[SourceVersion "1"]
[SourceVersionDate "2018.06.28"]
[SourceQuality "1"]

1. d4 Nf6 2. c4 g6 3. Nc3 Bg7 4. e4 d6 5. f3 0-0 6. Be3 Nc6 7. Qd2 a6 8. Bd3 e5 9. d5 Nd4 10. Nge2 Nh5 11. 0-0 f5 12. exf5 gxf5 13. Bf2 Nxe2+ 14. Nxe2 Qf6 15. b4 Qg6 16. Rab1 Kh8 17. Kh1 Rg8 18. Rg1 Qf6 19. Bc2 Bf8 20. Rbd1 f4 21. Nc3 Ng3+ 22. Bxg3 fxg3 23. h3 Qh4 24. Rge1 Bxh3 25. gxh3 Qxh3+ 26. Kg1 g2 27. Ne2 Be7 28. Qd3 Rg7 29. f4 Qh1+ 30. Kf2 Bh4+ 31. Ng3 Qh2 32. Ke2 g1Q+ 0-1

[Event "BLR-ch U20 Girls"]
[Site "Rogachev"]
[Date "2018.04.28"]
[Round "5"]
[White "Khrapko, Marharyta"]
[Black "Stsepkina, Yauheniya"]
[Result "1-0"]
[WhiteElo "2026"]
[BlackElo "1612"]
[PlyCount "71"]
[EventDate "2018.04.24"]
[EventType "tourn"]
[EventRounds "9"]
[EventCountry "BLR"]
[SourceTitle "CBM 184 Extra"]
[Source "ChessBase"]
[SourceDate "2018.06.28"]
[SourceVersion "1"]
[SourceVersionDate "2018.06.28"]
[SourceQuality "1"]

1. e4 c5 2. Nf3 Nc6 3. Bb5 d6 4. 0-0 Bd7 5. Re1 Nf6 6. c3 a6 7. Bf1 Bg4 8. h3 Bxf3 9. Qxf3 g6 10. d3 Bg7 11. Be3 Nd7 12. Nd2 0-0 13. Qd1 b5 14. Nf3 Nb6 15. Rc1 Rc8 16. d4 cxd4 17. cxd4 Na5 18. b3 Nb7 19. a4 Qd7 20. axb5 axb5 21. Qd3 b4 22. Qd2 Na8 23. Qxb4 Nd8 24. Rxc8 Qxc8 25. Rc1 Qd7 26. d5 f6 27. Nd4 Nf7 28. Nc6 Nc7 29. Qb7 f5 30. Na7 fxe4 31. Rxc7 Qf5 32. Nc6 Kh8 33. Rxe7 Kg8 34. Nd4 Bxd4 35. Bxd4 Qc8 36. Rxf7 1-0

[Event "EU-ch U12 Girls 25th"]
[Site "Porec"]
[Date "2015.09.27"]
[Round "6"]
[White "Strukova, Ksenia"]
[Black "Stsepkina, Yauheniya"]
[Result "1-0"]
[WhiteElo "1603"]
[BlackElo "1731"]
[PlyCount "38"]
[EventDate "2015.09.21"]
[EventType "swiss"]
[EventRounds "9"]
[EventCountry "CRO"]
[SourceTitle "EXT 2016"]
[Source "ChessBase"]
[SourceDate "2015.10.08"]
[SourceVersion "1"]
[SourceVersionDate "2015.10.08"]
[SourceQuality "1"]

1. e4 d5 2. exd5 Qxd5 3. Nc3 Qa5 4. d4 Nf6 5. Nf3 Bg4 6. h3 Bh5 7. Bb5+ c6 8. Bc4 Ne4 9. Qd3 Nxc3 10. Bd2 Bg6 11. Qxc3 Qxc3 12. Bxc3 Bxc2 13. Rc1 Be4 14. Bxf7+ Kxf7 15. Ng5+ Ke8 16. Nxe4 Nd7 17. 0-0 Nf6 18. Rfe1 Nxe4 19. Rxe4 Kd7 1-0